[Event "4NCL Online Division 4"]
[Site "online"]
[Date "2021.11.02"]
[EventDate "2021.11.02"]
[Round "6.141"]
[White "Smith, Ryan S"]
[WhiteElo "1952"]
[WhiteTeam "Brentwood Juniors"]
[Black "Bailey, Adrian"]
[BlackElo "1678"]
[BlackTeam "Shropshire and Friends 5"]
[Result "1-0"]
[PlyCount "111"]

1. e4 c5 2. Nc3 d6 3. d4 cxd4 4. Qxd4 Nc6 5. Qd2 Nf6 6. b3 g6 7. Bb2 Bg7 8. O-O-O O-O 9. Kb1 Bd7 10. f3 a6 11. Nge2 b5 12. Nf4 Bh6 13. Ncd5 Nxd5 14. exd5 Ne5 15. h4 a5 16. Qd4 a4 17. h5 g5 18. Nd3 f6 19. Be2 axb3 20. cxb3 Qa5 21. a3 Rfc8 22. Rc1 Bf5 23. g4 Nxd3 24. Bxd3 Bxd3+ 25. Qxd3 b4 26. a4 Qb6 27. Bd4 Qb7 28. Qe4 Bf8 29. Qe6+ Kh8 30. Qf7 Qa6 31. Bb2 Qd3+ 32. Ka2 Rc3 33. Bxc3 bxc3 34. h6 Qd2+ 35. Ka3 Qb2+ 36. Kb4 Rb8+ 37. Kc4 Qxb3+ 38. Kd3 c2+ 39. Ke2 Qc4+ 40. Kf2 Qd4+ 41. Ke2 Qc4+ 42. Kf2 Qd4+ 43. Kg2 Qd2+ 44. Kh3 Bxh6 45. Qxe7 Qxd5 46. Kg3 Bg7 47. Rxc2 f5 48. gxf5 Be5+ 49. Kg2 Qg8 50. f6 Qg6 51. Re2 g4 52. f4 Bxf6 53. Qxd6 Rd8 54. Qe6 h5 55. Rxh5+ Qxh5 56. Qxf6+ 1-0

[Event "4NCL Online Division 4"]
[Site "online"]
[Date "2021.11.02"]
[EventDate "2021.11.02"]
[Round "6.142"]
[White "Cox, Paul"]
[WhiteElo "1659"]
[WhiteTeam "Shropshire and Friends 5"]
[Black "Slade, Robin"]
[BlackElo "1988"]
[BlackTeam "Brentwood Juniors"]
[Result "1-0"]
[PlyCount "85"]

1. c4 e5 2. Nc3 Nc6 3. Nf3 Bc5 4. e3 d6 5. a3 a5 6. d4 exd4 7. exd4 Ba7 8. Be3 Nge7 9. Bd3 Nf5 10. Bxf5 Bxf5 11. O-O O-O 12. Rc1 Qf6 13. h3 h6 14. Qd2 Rad8 15. Nd5 Qg6 16. Nh4 Qh5 17. Nxf5 Qxf5 18. Nxc7 Rd7 19. Nd5 Re8 20. Rfe1 Re6 21. Rcd1 a4 22. Nc3 Na5 23. d5 Rxe3 24. Rxe3 Bxe3 25. Qxe3 Qe5 26. Qxe5 dxe5 27. c5 Nc4 28. Nxa4 e4 29. Rd4 Na5 30. b4 Nb3 31. Rd1 f5 32. Nb6 Rd8 33. d6 Kf7 34. Nc4 Ke6 35. Kf1 g5 36. Ke2 f4 37. Nd2 Nd4+ 38. Ke1 Nc2+ 39. Kf1 Kd5 40. Nb3+ Kc4 41. Na5+ Kc3 42. Nxb7 Ra8 43. d7 1-0

[Event "4NCL Online Division 4"]
[Site "online"]
[Date "2021.11.02"]
[EventDate "2021.11.02"]
[Round "6.143"]
[White "Pert, Max"]
[WhiteElo "1692"]
[WhiteTeam "Brentwood Juniors"]
[Black "Love, Phil"]
[BlackElo "1599"]
[BlackTeam "Shropshire and Friends 5"]
[Result "0-1"]
[PlyCount "97"]

1. d4 Nf6 2. Nc3 d5 3. e4 dxe4 4. f3 exf3 5. Nxf3 e6 6. Bd3 Be7 7. O-O O-O 8. Kh1 b6 9. Ng5 h6 10. Qf3 c6 11. Nge4 Nbd7 12. Qg3 Nxe4 13. Nxe4 Bh4 14. Qf3 f5 15. Nd6 Nf6 16. Qxc6 Rb8 17. Bc4 Bd7 18. Qf3 Kh8 19. Qh3 Ng4 20. Kg1 b5 21. Be2 Rb6 22. Bf4 Be7 23. Be5 Bxd6 24. Bxg4 Bxe5 25. dxe5 fxg4 26. Qxg4 Rxf1+ 27. Rxf1 Qe8 28. Qb4 Kg8 29. Qa5 Qb8 30. Qd2 Rb7 31. Qf4 Bc6 32. b3 Bd5 33. c4 bxc4 34. bxc4 Bc6 35. h4 Rb2 36. Qf7+ Kh7 37. Rf2 Rb1+ 38. Rf1 Qb6+ 39. Kh2 Rxf1 40. Qxf1 Qd4 41. g3 Qd2+ 42. Kh3 Qxa2 43. Qd3+ g6 44. Qf1 Kg8 45. Qf6 Qg2+ 46. Kg4 Qe2+ 47. Kh3 Bg2+ 48. Kh2 Bf1+ 49. Kg1 0-1

[Event "4NCL Online Division 4"]
[Site "online"]
[Date "2021.11.02"]
[EventDate "2021.11.02"]
[Round "6.144"]
[White "Salter, Ivor"]
[WhiteElo "1590"]
[WhiteTeam "Shropshire and Friends 5"]
[Black "Willoughby, Charlotte"]
[BlackElo "1622"]
[BlackTeam "Brentwood Juniors"]
[Result "0-1"]
[PlyCount "102"]

1. e4 c5 2. d4 cxd4 3. c3 d3 4. Bxd3 e6 5. Nf3 Bc5 6. O-O Ne7 7. Bg5 O-O 8. Qc2 h6 9. Bxe7 Qxe7 10. e5 Nc6 11. Nbd2 Bb6 12. Nc4 Bc7 13. Rfe1 a6 14. Rad1 Kh8 15. a4 b6 16. Be4 Bb7 17. Nd6 Bxd6 18. exd6 Qf6 19. Bxc6 Bxc6 20. Ne5 Rac8 21. Rd3 Qf5 22. Nxc6 Rxc6 23. Qd2 Qa5 24. Qd1 Rfc8 25. h3 b5 26. axb5 Qxb5 27. Qf3 f5 28. b4 a5 29. bxa5 Qxa5 30. Red1 Rxc3 31. Rxc3 Qxc3 32. Qxc3 Rxc3 33. f3 Kg8 34. Kf2 Kf7 35. f4 Kf6 36. Rd2 g5 37. g3 gxf4 38. gxf4 Rxh3 39. Rd4 Rc3 40. Ke2 h5 41. Rb4 Rc6 42. Rd4 e5 43. fxe5+ Kxe5 44. Rh4 Rxd6 45. Rxh5 Ke4 46. Rh8 f4 47. Rf8 Ra6 48. Rf7 Ra2+ 49. Kf1 d5 50. Re7+ Kf3 51. Rf7 Ra1# 0-1

[Event "4NCL Online Division 4"]
[Site "online"]
[Date "2021.11.02"]
[EventDate "2021.11.02"]
[Round "6.151"]
[White "Trudeau, Gary"]
[WhiteElo "1745"]
[WhiteTeam "Calstock Killers"]
[Black "Bentley, John L"]
[BlackElo "2146"]
[BlackTeam "Ashton"]
[Result "0-1"]
[PlyCount "53"]

1. Nc3 c5 2. e4 Nc6 3. Nge2 g6 4. d4 cxd4 5. Nxd4 Bg7 6. Be3 Nf6 7. Nxc6 bxc6 8. e5 Ng8 9. Bd4 Qc7 10. e6 Nf6 11. exf7+ Kxf7 12. Be2 e5 13. Bc5 d5 14. O-O Re8 15. f3 Be6 16. Bd3 Rab8 17. Rb1 Kg8 18. Qd2 Nd7 19. Bf2 Bf8 20. Na4 Bd6 21. Bg3 Nf6 22. Qg5 Nh5 23. Bxg6 hxg6 24. Qxg6+ Ng7 25. Rfe1 Bf5 26. Qg5 Bxc2 27. Rbc1 0-1

[Event "4NCL Online Division 4"]
[Site "online"]
[Date "2021.11.02"]
[EventDate "2021.11.02"]
[Round "6.152"]
[White "McBeath, Joel"]
[WhiteElo "1686"]
[WhiteTeam "Ashton"]
[Black "Hill, Michael"]
[BlackElo "1701"]
[BlackTeam "Calstock Killers"]
[Result "1-0"]
[PlyCount "79"]

1. e4 c6 2. d4 d5 3. e5 Bf5 4. h4 h6 5. g4 Bd7 6. Nc3 e6 7. Be3 Bb4 8. Qd2 a5 9. a3 Be7 10. Bd3 b5 11. Nf3 Na6 12. g5 b4 13. axb4 Bxb4 14. g6 f5 15. exf6 Nxf6 16. Ne5 Qc8 17. Nf7 Rg8 18. Bf4 Ke7 19. Be5 Be8 20. Bxf6+ Kxf6 21. O-O Qc7 22. Ne5 Ke7 23. Rae1 Rf8 24. f4 Bd6 25. f5 Bxe5 26. Rxe5 Bd7 27. Na4 Rf6 28. Bxa6 Rxa6 29. Nc5 Ra8 30. Qe3 Kd8 31. fxe6 Rxf1+ 32. Kxf1 Be8 33. e7+ Kc8 34. h5 Qd6 35. Qf4 Ra7 36. Qf8 Kc7 37. Kg2 Ra8 38. Re6 Bd7 39. Rxd6 Rxf8 40. Rxd7+ 1-0

[Event "4NCL Online Division 4"]
[Site "online"]
[Date "2021.11.02"]
[EventDate "2021.11.02"]
[Round "6.153"]
[White "Kirkman, Nigel J"]
[WhiteElo "1692"]
[WhiteTeam "Calstock Killers"]
[Black "Acharya, Kandara"]
[BlackElo "1604"]
[BlackTeam "Ashton"]
[Result "0-1"]
[PlyCount "86"]

1. c4 Nf6 2. Nf3 g6 3. g3 Bg7 4. Nc3 O-O 5. Bg2 d5 6. cxd5 Nxd5 7. O-O Nc6 8. Nxd5 Qxd5 9. d3 Bg4 10. h3 Bxf3 11. Bxf3 Qe6 12. Bg2 Rad8 13. a3 Nd4 14. Be3 b6 15. Bxd4 Bxd4 16. Rb1 c5 17. e3 Bg7 18. Qc2 Rd6 19. b4 Rc8 20. Rbc1 Qd7 21. d4 c4 22. Kh2 b5 23. Rfd1 Rd8 24. a4 a6 25. axb5 axb5 26. Ra1 e5 27. d5 e4 28. Ra5 f5 29. Qa2 Rxd5 30. Ra7 Qe6 31. Ra6 R8d6 32. Rxd6 Rxd6 33. Qa8+ Bf8 34. Rd4 Rxd4 35. exd4 Qd6 36. f3 Qxd4 37. fxe4 fxe4 38. Bxe4 Kg7 39. Qb7+ Kf6 40. Qc6+ Bd6 41. Bg2 Qd3 42. Qxb5 Bxg3+ 43. Kg1 Qe3+ 0-1

[Event "4NCL Online Division 4"]
[Site "online"]
[Date "2021.11.02"]
[EventDate "2021.11.02"]
[Round "6.154"]
[White "Supatan, Denzel"]
[WhiteElo "1544"]
[WhiteTeam "Ashton"]
[Black "Young, Andy"]
[BlackElo "1504"]
[BlackTeam "Calstock Killers"]
[Result "1-0"]
[PlyCount "59"]

1. e4 c6 2. d4 d5 3. e5 Bf5 4. c3 e6 5. Nf3 c5 6. Be3 Nc6 7. Bb5 Qb6 8. Bxc6+ bxc6 9. b3 cxd4 10. cxd4 Bb4+ 11. Nbd2 Bd3 12. a3 Bxd2+ 13. Nxd2 Ne7 14. b4 Ba6 15. Nb3 Nf5 16. Rc1 Bb5 17. Qd2 Nh4 18. f3 Nxg2+ 19. Qxg2 g6 20. Qd2 O-O 21. Bh6 Rfe8 22. Qf4 Qd8 23. Nc5 Qe7 24. Nd7 Rec8 25. Rg1 Bd3 26. Nf6+ Kh8 27. Ng4 Bf5 28. Bg5 Qb7 29. Bf6+ Kg8 30. Qh6 1-0

[Event "4NCL Online Division 4"]
[Site "online"]
[Date "2021.11.02"]
[EventDate "2021.11.02"]
[Round "6.161"]
[White "Renegade, Richard"]
[WhiteElo "1713"]
[WhiteTeam "Crewe BOL"]
[Black "Thackray, John"]
[BlackElo "1929"]
[BlackTeam "St Andrews White Cross"]
[Result "0-1"]
[PlyCount "30"]

1. e4 e5 2. f4 exf4 3. Nf3 d5 4. exd5 Nf6 5. Nc3 Nxd5 6. d4 Bb4 7. Qd3 O-O 8. Bd2 Ne3 9. Bxe3 fxe3 10. O-O-O Re8 11. Ne2 Bd6 12. c4 Qf6 13. c5 Bf4 14. Nxf4 Qxf4 15. Ne5 e2+ 0-1

[Event "4NCL Online Division 4"]
[Site "online"]
[Date "2021.11.02"]
[EventDate "2021.11.02"]
[Round "6.162"]
[White "Triffitt, Bradley"]
[WhiteElo "1589"]
[WhiteTeam "St Andrews White Cross"]
[Black "Price, David P"]
[BlackElo "1546"]
[BlackTeam "Crewe BOL"]
[Result "0-1"]
[PlyCount "76"]

1. d4 Nf6 2. c4 e5 3. e3 exd4 4. exd4 d5 5. Nc3 c6 6. h3 Bb4 7. Bd2 O-O 8. Be2 dxc4 9. Nf3 Bf5 10. O-O b5 11. Be3 Nbd7 12. Nh4 Be6 13. Nf3 Nd5 14. Bg5 f6 15. Bh4 Nxc3 16. bxc3 Bxc3 17. Rc1 Bb4 18. Qc2 Be7 19. Bg3 f5 20. Bf4 Bd5 21. Rfd1 Ba3 22. Bg5 Qc7 23. Nh4 g6 24. g4 Be4 25. Qc3 Bxc1 26. Rxc1 Nb6 27. Bh6 Nd5 28. Qd2 Rf7 29. f3 Qg3+ 30. Ng2 Bxf3 31. Bxf3 Qxf3 32. Rf1 Qxh3 33. gxf5 Rxf5 34. Re1 Qd3 35. Qa5 Qxd4+ 36. Ne3 Nxe3 37. Bxe3 Qg4+ 38. Kh1 Rh5# 0-1

[Event "4NCL Online Division 4"]
[Site "online"]
[Date "2021.11.02"]
[EventDate "2021.11.02"]
[Round "6.163"]
[White "Nienaber, Kobus"]
[WhiteElo "1535"]
[WhiteTeam "Crewe BOL"]
[Black "Scott, Ian"]
[BlackElo "1594"]
[BlackTeam "St Andrews White Cross"]
[Result "1-0"]
[PlyCount "67"]

1. d4 Nf6 2. Bf4 c5 3. Nc3 g6 4. e3 Bg7 5. dxc5 Qa5 6. Bd3 Nh5 7. Bg3 Bxc3+ 8. bxc3 Qxc3+ 9. Ke2 Nxg3+ 10. hxg3 Qxc5 11. Nf3 Nc6 12. Qb1 b6 13. Qb2 e5 14. Ng5 h5 15. Ne4 Qe7 16. f4 d6 17. Bb5 Bd7 18. Rad1 Bg4+ 19. Kf2 Bxd1 20. Bxc6+ Kf8 21. Bxa8 Bg4 22. Qa3 Kg7 23. Nxd6 Qc7 24. Be4 exf4 25. gxf4 Rd8 26. Nb5 Rd2+ 27. Kg3 Qd7 28. Qc3+ Kh7 29. Bd3 Rxg2+ 30. Kxg2 Qd5+ 31. e4 Qd8 32. Nxa7 h4 33. Nc6 Qc7 34. Rxh4+ 1-0

[Event "4NCL Online Division 4"]
[Site "online"]
[Date "2021.11.02"]
[EventDate "2021.11.02"]
[Round "6.164"]
[White "Stamp, Edward"]
[WhiteElo "1446"]
[WhiteTeam "St Andrews White Cross"]
[Black "Gardner, Nigel"]
[BlackElo "1392"]
[BlackTeam "Crewe BOL"]
[Result "1-0"]
[PlyCount "67"]

1. d4 Nf6 2. c4 c6 3. Nc3 e6 4. c5 d6 5. Bg5 Be7 6. Nf3 h6 7. Bxf6 Bxf6 8. cxd6 Qxd6 9. a3 O-O 10. e4 Qd8 11. e5 Be7 12. Bd3 f6 13. Qc2 f5 14. O-O g5 15. h3 Rf7 16. g4 Qf8 17. gxf5 exf5 18. Rae1 Be6 19. Ne2 Nd7 20. Ng3 g4 21. hxg4 fxg4 22. Nh2 Qg7 23. Re4 Qg5 24. Qe2 Rg7 25. Bc4 Bd5 26. Bxd5+ cxd5 27. Rxg4 Qxg4 28. Nxg4 Bg5 29. f4 Bh4 30. Nxh6+ Kh7 31. Nf5 Rxg3+ 32. Nxg3 Bxg3 33. Qh5+ Kg7 34. Rf3 1-0

[Event "4NCL Online Division 4"]
[Site "online"]
[Date "2021.11.16"]
[EventDate "2021.11.16"]
[Round "7.11"]
[White "Ye, Tim"]
[WhiteElo "1369"]
[WhiteTeam "Manchester Juniors C"]
[Black "Carpenter, Martin"]
[BlackElo "2043"]
[BlackTeam "Eagle and Child"]
[Result "0-1"]
[PlyCount "104"]

1. e4 e6 2. d4 d5 3. exd5 exd5 4. c4 Bb4+ 5. Nc3 Ne7 6. Nf3 O-O 7. Bd3 dxc4 8. Bxc4 Bg4 9. Be3 c6 10. h3 Bh5 11. O-O Nd7 12. Be2 h6 13. Qc2 Bg6 14. Qd1 Qc7 15. Bd3 Bxd3 16. Qxd3 Nf6 17. a3 Bd6 18. Rfe1 Ned5 19. Bd2 Rad8 20. Nxd5 Nxd5 21. Rac1 Qb6 22. Rb1 Be7 23. Bc3 Bf6 24. Ne5 Rfe8 25. Nc4 Qc7 26. Ne3 Nxe3 27. Rxe3 Rxe3 28. fxe3 Qd7 29. Rd1 Qe6 30. Qc2 Qxe3+ 31. Qf2 Qxf2+ 32. Kxf2 g6 33. b4 Kg7 34. Ke3 h5 35. Kd3 g5 36. Kc4 Kg6 37. a4 a6 38. b5 axb5+ 39. axb5 Rd5 40. Rb1 Rxb5 41. Rxb5 cxb5+ 42. Kxb5 Kf5 43. Kc5 Ke4 44. Kc4 g4 45. Kc5 Bg7 46. Kc4 f5 47. Kc5 f4 48. Kc4 f3 49. gxf3+ gxf3 50. Be1 Bxd4 51. h4 f2 52. Bxf2 Bxf2 0-1

[Event "4NCL Online Division 4"]
[Site "online"]
[Date "2021.11.16"]
[EventDate "2021.11.16"]
[Round "7.12"]
[White "Bedi, Adam"]
[WhiteElo "2002"]
[WhiteTeam "Eagle and Child"]
[Black "Correa, Edward"]
[BlackElo "1279"]
[BlackTeam "Manchester Juniors C"]
[Result "1-0"]
[PlyCount "123"]

1. d4 Nf6 2. c4 g6 3. g3 Bg7 4. Bg2 O-O 5. Nf3 c6 6. Nc3 d5 7. cxd5 Nxd5 8. O-O Bf5 9. Qb3 Be6 10. Qxb7 Nd7 11. Nxd5 cxd5 12. Qa6 Qb6 13. Qxb6 Nxb6 14. b3 Bg4 15. e3 Bxf3 16. Bxf3 e5 17. Ba3 Rfc8 18. dxe5 Bxe5 19. Rac1 Rab8 20. Rfd1 Rxc1 21. Rxc1 Rd8 22. Kf1 d4 23. Rd1 Bf6 24. exd4 Rxd4 25. Rxd4 Bxd4 26. Bd6 Kg7 27. Ke2 Kf6 28. Bc6 Ke6 29. Bb8 Nd7 30. Bxd7+ Kxd7 31. f3 Bb6 32. Kd3 Ke6 33. h3 Kd5 34. b4 f5 35. Bf4 h5 36. a3 a6 37. a4 Bd8 38. Be3 Bc7 39. Bf2 g5 40. b5 axb5 41. axb5 Bb8 42. b6 g4 43. fxg4 fxg4 44. h4 Ke5 45. Be3 Kd5 46. Bf4 Bxf4 47. gxf4 Kc6 48. f5 Kxb6 49. f6 Kc6 50. f7 Kd6 51. f8=Q+ Ke5 52. Qh6 g3 53. Qxh5+ Kf4 54. Qg5+ Kf3 55. h5 Kg2 56. h6 Kf2 57. h7 Kf3 58. h8=Q Kf2 59. Qhf6+ Kg2 60. Qd2+ Kh3 61. Qfh6+ Kg4 62. Qdf4# 1-0

[Event "4NCL Online Division 4"]
[Site "online"]
[Date "2021.11.16"]
[EventDate "2021.11.16"]
[Round "7.13"]
[White "Burke, Alexander"]
[WhiteElo "1249"]
[WhiteTeam "Manchester Juniors C"]
[Black "Herman, Thomas"]
[BlackElo "1832"]
[BlackTeam "Eagle and Child"]
[Result "0-1"]
[PlyCount "138"]

1. e4 c5 2. Nf3 e6 3. d4 cxd4 4. Qxd4 Nc6 5. Qd1 d5 6. exd5 exd5 7. Bd3 Nf6 8. O-O Be7 9. Bg5 O-O 10. Re1 Bg4 11. Nc3 d4 12. Ne4 Ne5 13. Nxf6+ Bxf6 14. Bxf6 Qxf6 15. Be2 Bxf3 16. Bxf3 Nxf3+ 17. Qxf3 Qxf3 18. gxf3 Rac8 19. Rac1 f6 20. Re7 Rf7 21. Re6 Rfc7 22. Rd6 Rxc2 23. Rxc2 Rxc2 24. Rxd4 Rxb2 25. Ra4 a6 26. Kg2 Kf7 27. Kg3 Kg6 28. h4 Kf5 29. Ra5+ Ke6 30. f4 g6 31. Ra3 Kd5 32. Rd3+ Kc6 33. a3 b5 34. Re3 Kd5 35. Kf3 a5 36. Kg3 b4 37. Kf3 Ra2 38. axb4 axb4 39. Rb3 Ra3 40. Re3 Rxe3+ 41. Kxe3 b3 42. Kd2 Ke4 43. Kc3 Kxf4 44. Kxb3 Kf3 45. Kc2 Kxf2 46. Kd3 Kg3 47. Ke2 Kxh4 48. Kf2 Kh3 49. Kg1 f5 50. Kh1 f4 51. Kg1 f3 52. Kh1 Kg3 53. Kg1 h5 54. Kh1 Kf4 55. Kg1 Ke3 56. Kf1 h4 57. Kg1 Ke2 58. Kh2 f2 59. Kg2 f1=Q+ 60. Kh2 Qf2+ 61. Kh1 Qf6 62. Kg2 g5 63. Kh3 g4+ 64. Kg2 Qg5 65. Kh1 h3 66. Kh2 Ke3 67. Kh1 Kf3 68. Kh2 g3+ 69. Kg1 Qc1# 0-1

[Event "4NCL Online Division 4"]
[Site "online"]
[Date "2021.11.16"]
[EventDate "2021.11.16"]
[Round "7.21"]
[White "Manikandan, Gaurav"]
[WhiteElo "1338"]
[WhiteTeam "Kent KJCA Kestrels 5"]
[Black "Robins, Andrew"]
[BlackElo "1772"]
[BlackTeam "Ashfield Anonymous D"]
[Result "1-0"]
[PlyCount "105"]

1. e4 e5 2. Nf3 Nc6 3. Bc4 Bc5 4. d3 Nf6 5. c3 d6 6. h3 a5 7. Bg5 h6 8. Bh4 Ne7 9. Bxf6 gxf6 10. Nbd2 c6 11. a4 Rg8 12. g4 Be6 13. Bxe6 fxe6 14. Qb3 Qd7 15. d4 exd4 16. cxd4 Bb4 17. Rc1 Ng6 18. Qe3 Qg7 19. d5 cxd5 20. exd5 e5 21. Rc4 Kd7 22. Qb6 Rad8 23. Rc7+ Ke8 24. Rxg7 Rxg7 25. O-O Nf4 26. Kh2 h5 27. Ne4 Ke7 28. Qxb7+ Rd7 29. g5 f5 30. Qc6 fxe4 31. Nh4 Rxg5 32. Rg1 Rxg1 33. Kxg1 Nxh3+ 34. Kh2 Nf4 35. Nf5+ Kd8 36. Qa8+ Kc7 37. Qc6+ Kd8 38. Qb6+ Kc8 39. Qa6+ Kd8 40. Qc6 Rc7 41. Qb6 Kd7 42. Ng7 Kd8 43. Ne6+ Nxe6 44. dxe6 Kc8 45. Qa6+ Kd8 46. Qa8+ Ke7 47. Qxe4 Kxe6 48. Qg6+ Kd5 49. Qxh5 Rc2 50. Qf3+ Kc5 51. Qe3+ Kc4 52. b3+ Kd5 53. Qd3+ 1-0

[Event "4NCL Online Division 4"]
[Site "online"]
[Date "2021.11.16"]
[EventDate "2021.11.16"]
[Round "7.22"]
[White "Taylor, Robert P"]
[WhiteElo "1671"]
[WhiteTeam "Ashfield Anonymous D"]
[Black "McWilliams, Mark"]
[BlackElo "1374"]
[BlackTeam "Kent KJCA Kestrels 5"]
[Result "1-0"]
[PlyCount "81"]

1. d4 Nf6 2. Bg5 d5 3. e3 e6 4. Nf3 c5 5. c3 Nbd7 6. Nbd2 Be7 7. Bd3 h6 8. Bf4 Nh5 9. Bg3 Nxg3 10. hxg3 c4 11. Bc2 b5 12. Ne5 Nxe5 13. dxe5 Qb6 14. Nf3 b4 15. Nd4 Bd7 16. Ba4 b3 17. Bxd7+ Kxd7 18. axb3 cxb3 19. O-O Rhb8 20. Qd3 f6 21. Ra6 Qc5 22. Rc6 Qxc6 23. Nxc6 Kxc6 24. exf6 Bxf6 25. Ra1 a5 26. Ra4 Kd6 27. e4 Re8 28. f4 Kc6 29. e5 Be7 30. c4 Bc5+ 31. Kf1 d4 32. Qxb3 Reb8 33. Qf3+ Kc7 34. b3 Ra6 35. Ra2 Rb4 36. Qh5 Rxb3 37. Qf7+ Kb8 38. Qe8+ Ka7 39. Qd8 d3 40. Qc7+ Rb7 41. Qxc5+ 1-0

[Event "4NCL Online Division 4"]
[Site "online"]
[Date "2021.11.16"]
[EventDate "2021.11.16"]
[Round "7.23"]
[White "Yuan, Ryan"]
[WhiteElo "1140"]
[WhiteTeam "Kent KJCA Kestrels 5"]
[Black "Fraser, Chris"]
[BlackElo "1562"]
[BlackTeam "Ashfield Anonymous D"]
[Result "0-1"]
[PlyCount "118"]

1. e4 c5 2. Nf3 g6 3. c3 Bg7 4. d4 cxd4 5. cxd4 d5 6. e5 Bg4 7. Nc3 e6 8. h3 Bxf3 9. Qxf3 Nh6 10. g4 O-O 11. Bg2 f6 12. Bf4 Nc6 13. O-O-O fxe5 14. dxe5 Nf7 15. Qg3 Bxe5 16. Bxe5 Nfxe5 17. f4 Nc4 18. b3 Nd6 19. Rhe1 Qf6 20. Ne2 Qa1+ 21. Kc2 Nb4+ 22. Kd2 Qxa2+ 23. Kc3 Qa5 24. Kd2 Na2+ 25. Kc2 Rac8+ 26. Kd3 Nb4+ 27. Kd2 Nc2+ 28. Kd3 Nxe1+ 29. Ke3 Nxg2+ 30. Qxg2 Qc5+ 31. Nd4 Qc3+ 32. Rd3 Qe1+ 33. Ne2 Rc2 34. Qf3 Ne4 35. g5 Nc3 36. Kd4 Nxe2+ 37. Ke3 Qg1+ 38. Qf2 Qxf2+ 39. Kxf2 Nxf4+ 40. Ke3 Nxd3 41. Kxd3 Rfc8 42. Kd4 R2c3 43. Ke5 Kf7 44. Kd6 Rxb3 45. Kd7 Rbc3 46. Kd6 Rxh3 47. Ke5 Rd8 48. Kf4 d4 49. Kg4 Rh1 50. Kf3 d3 51. Kf2 d2 52. Ke3 Ra1 53. Ke4 Rd5 54. Ke3 Ra3+ 55. Ke4 Ra4+ 56. Ke3 Rh4 57. Kf3 d1=Q+ 58. Ke3 Rd3+ 59. Kf2 Rh2# 0-1

[Event "4NCL Online Division 4"]
[Site "online"]
[Date "2021.11.16"]
[EventDate "2021.11.16"]
[Round "7.24"]
[White "Pitts, Daniel"]
[WhiteElo "1291"]
[WhiteTeam "Ashfield Anonymous D"]
[Black "Watson, Scarlet"]
[BlackElo "1070"]
[BlackTeam "Kent KJCA Kestrels 5"]
[Result "0-1"]
[PlyCount "94"]

1. e4 e5 2. Nf3 Nc6 3. Bb5 Nf6 4. Qe2 a6 5. Ba4 g6 6. O-O Bg7 7. c3 O-O 8. d3 d6 9. Rd1 Bg4 10. h3 Be6 11. d4 exd4 12. cxd4 d5 13. e5 Ne4 14. Bxc6 bxc6 15. Nc3 Bf5 16. Nxe4 dxe4 17. Ng5 h6 18. Nxe4 Rb8 19. Ng3 Be6 20. b3 Qe7 21. Qxa6 Rb6 22. Qa4 Rd8 23. Ba3 Qh4 24. Bc5 Rb5 25. Qa6 Bd5 26. Qa7 Rd7 27. Qa8+ Kh7 28. Qc8 Be6 29. b4 Bxe5 30. Qe8 Bxg3 31. fxg3 Qxg3 32. Kh1 Rd5 33. a4 Rg5 34. Rd2 Bd5 35. Qe2 Qxh3+ 36. Kg1 Rb8 37. Raa2 Rxg2+ 38. Qxg2 Bxg2 39. Rxg2 Re8 40. Kf1 Qf3+ 41. Kg1 Re1+ 42. Kh2 Qf4+ 43. Rg3 Qf1 44. Rgg2 Qh1+ 45. Kg3 Re3+ 46. Kf4 Qh3 47. d5 Qf3# 0-1

[Event "4NCL Online Division 4"]
[Site "online"]
[Date "2021.11.16"]
[EventDate "2021.11.16"]
[Round "7.32"]
[White "Lord, Peter R"]
[WhiteElo "1684"]
[WhiteTeam "Uxbridge Bulldogs"]
[Black "Collett, Ray A"]
[BlackElo "1874"]
[BlackTeam "Wolfpack 1"]
[Result "1/2-1/2"]
[PlyCount "85"]

1. e4 c5 2. Nf3 Nc6 3. Bb5 Nd4 4. Nxd4 cxd4 5. c3 Qb6 6. Qa4 a6 7. Na3 Qg6 8. O-O Qxe4 9. d3 Qh4 10. Be3 e6 11. Bxd4 Nf6 12. Bxf6 Qxa4 13. Bxa4 gxf6 14. b4 Bd6 15. Nc4 Bc7 16. Ne3 b5 17. Bb3 Bb7 18. Rae1 Kf8 19. d4 d5 20. f4 f5 21. Nc2 Rc8 22. Re3 a5 23. Ne1 axb4 24. cxb4 Bb6 25. Nf3 Kg7 26. Rd1 Bc7 27. Ne5 Bxe5 28. Rg3+ Kf8 29. fxe5 Rg8 30. Rh3 Rg7 31. Rdd3 Ke7 32. Rc3 f6 33. Rxc8 Bxc8 34. Rc3 Bd7 35. exf6+ Kxf6 36. Bd1 Be8 37. Be2 Ra7 38. a3 h6 39. Rh3 Kg7 40. Rf3 Kf6 41. Rh3 Kg7 42. Rg3+ Kf6 43. Rh3 1/2-1/2

[Event "4NCL Online Division 4"]
[Site "online"]
[Date "2021.11.16"]
[EventDate "2021.11.16"]
[Round "7.33"]
[White "Wootton, Stephen G"]
[WhiteElo "1671"]
[WhiteTeam "Wolfpack 1"]
[Black "Knight, Daniel"]
[BlackElo "1664"]
[BlackTeam "Uxbridge Bulldogs"]
[Result "1/2-1/2"]
[PlyCount "58"]

1. e4 d5 2. exd5 Nf6 3. d4 Nxd5 4. Nf3 Bg4 5. Be2 c6 6. O-O e6 7. c4 Nf6 8. Qb3 Qc7 9. Nc3 Be7 10. Bg5 Nbd7 11. Rac1 O-O 12. h3 Bh5 13. Rfe1 Qb6 14. c5 Qxb3 15. axb3 Nd5 16. Nxd5 Bxg5 17. Nxg5 Bxe2 18. Ne7+ Kh8 19. Rxe2 Rae8 20. Nxc6 bxc6 21. Ne4 Rb8 22. Rc3 Rb4 23. Rd2 Rfb8 24. Rdd3 a5 25. Nd6 Kg8 26. Nc4 R4b5 27. Nd6 Rb4 28. Nc4 R4b5 29. Nd6 Rb4 1/2-1/2

[Event "4NCL Online Division 4"]
[Site "online"]
[Date "2021.11.16"]
[EventDate "2021.11.16"]
[Round "7.34"]
[White "Sagade, Nivedita"]
[WhiteElo "1606"]
[WhiteTeam "Uxbridge Bulldogs"]
[Black "Gliddon, Daniel J"]
[BlackElo "1664"]
[BlackTeam "Wolfpack 1"]
[Result "1/2-1/2"]
[PlyCount "128"]

1. d4 Nf6 2. c4 g6 3. Nc3 d5 4. Nf3 Bg7 5. Bg5 Ne4 6. Bf4 Nxc3 7. bxc3 c6 8. e3 O-O 9. Bd3 Re8 10. Ng5 Nd7 11. cxd5 cxd5 12. h4 e5 13. dxe5 Nxe5 14. Bb5 Nc6 15. Qb3 h6 16. Nf3 Be6 17. Nd4 Nxd4 18. cxd4 Qa5+ 19. Kf1 Rec8 20. g3 Rc3 21. Qa4 Qxa4 22. Bxa4 Rac8 23. Kg2 a6 24. Rhe1 b5 25. Bb3 a5 26. Bd1 Rc1 27. Be2 Rxe1 28. Rxe1 b4 29. Bb5 Rc2 30. Ra1 Bf5 31. Ba4 Be4+ 32. Kg1 Rc4 33. Bb3 Rc8 34. Rd1 Bc2 35. Rc1 Bf5 36. Rxc8+ Bxc8 37. Bc7 a4 38. Bxa4 Be6 39. Bd6 Bf8 40. Bxf8 Kxf8 41. Bb3 Ke7 42. Kg2 Kf6 43. Kf3 h5 44. Ke2 Ke7 45. f3 Kd6 46. Ba4 Bc8 47. Kd2 Kc7 48. Kc2 Kb6 49. Kb3 Ka5 50. Be8 Be6 51. Kb2 Kb6 52. Kb3 Ka5 53. f4 Bf5 54. Bxf7 Be4 55. Be6 Kb5 56. Bd7+ Ka5 57. Be6 Kb5 58. Bd7+ Ka5 59. Bh3 Kb5 60. Bf1+ Ka5 61. Be2 Bf5 62. Bf1 Be4 63. Be2 Bf5 64. Bf1 Be4 1/2-1/2

[Event "4NCL Online Division 4"]
[Site "online"]
[Date "2021.11.16"]
[EventDate "2021.11.16"]
[Round "7.41"]
[White "Amos, Michael"]
[WhiteElo "1877"]
[WhiteTeam "Farnham B"]
[Black "Kriman, Salim"]
[BlackElo "2025"]
[BlackTeam "Hackney Hackers"]
[Result "0-1"]
[PlyCount "140"]

1. d4 Nf6 2. c4 g6 3. Nf3 Bg7 4. e3 d5 5. g3 c6 6. Bg2 O-O 7. O-O dxc4 8. Qe2 b5 9. a4 Bb7 10. Ne5 Qc7 11. axb5 cxb5 12. b3 Bxg2 13. Kxg2 Nfd7 14. Nxd7 Nxd7 15. bxc4 b4 16. c5 Nxc5 17. Qc4 a5 18. Ra2 Qb7+ 19. Kg1 Ne4 20. f3 Rfc8 21. Qe2 Nd6 22. Nd2 b3 23. Ra3 a4 24. Bb2 Rc2 25. Rb1 Qb4 26. Raa1 Qxd2 27. Qxd2 Rxd2 28. Bc3 Rc2 29. Rc1 Rxc1+ 30. Rxc1 a3 31. Rb1 b2 32. Bxb2 axb2 33. Rxb2 Nf5 34. Kf2 Nxd4 35. Rd2 Ne6 36. f4 Nc5 37. Kf3 e5 38. fxe5 Kf8 39. Rd5 Ne6 40. h4 Ke7 41. g4 Ra4 42. Rb5 Ra7 43. Rd5 f6 44. exf6+ Bxf6 45. h5 Ng5+ 46. Kf4 Ra4+ 47. Kg3 gxh5 48. gxh5 Ke6 49. Rb5 Ne4+ 50. Kh3 Nd6 51. Rc5 Rh4+ 52. Kg2 Be5 53. Rc7 Rxh5 54. Kf3 Rh3+ 55. Kg2 Rg3+ 56. Kf1 h5 57. Rh7 Rh3 58. Kg2 Rh2+ 59. Kg1 Kf5 60. Re7 Re2 61. Rh7 Kg6 62. Re7 Rxe3 63. Re6+ Kg5 64. Re7 Bh2+ 65. Kxh2 Rxe7 66. Kg3 Nf5+ 67. Kh3 Re3+ 68. Kh2 Kh4 69. Kh1 Kg3 70. Kg1 Re1# 0-1